Memoria histórica de la universidad: Pontificia Universidad Católica de Valparaíso
Saved in:
| Hovedforfatter: | |
|---|---|
| Format: | Bog |
| Sprog: | spansk |
| Udgivet: |
Valparaíso
Universitarias
2018
|
| Udgivelse: | 1a. ed |
| Fag: | |
| Tags: |
Tilføj Tag
Ingen Tags, Vær først til at tagge denne postø!
|
MARC
| LEADER | 00000cam a2200000 a 4500 | ||
|---|---|---|---|
| 001 | UCC7284 | ||
| 003 | CL-VaPUC | ||
| 008 | 190322e20180000cl |||||||||||||||||spa|d | ||
| 020 | |a 9789561708020 | ||
| 082 | 0 | 4 | |a 378 |b ESC |2 21 |
| 100 | 0 | |a Escobar Fernández, Dionisio |e author |9 601825 | |
| 245 | 1 | 0 | |a Memoria histórica de la universidad: Pontificia Universidad Católica de Valparaíso |
| 250 | |a 1a. ed | ||
| 300 | |a 423 p | ||
| 942 | |c BK | ||
| 945 | |d 20190322 14:57:00 |a dcastane | ||
| 260 | |a Valparaíso |b Universitarias |c 2018 | ||
| 650 | 0 | |a Educación superior |9 223851 | |
| 650 | 7 | |a UNIVERSIDADES CHILENAS - ESTATUTOS |2 CL-VaPUC |9 516436 | |
| 650 | 0 | |a Universidades chilenas |9 407335 | |
| 650 | 7 | |a MEMORIA ACADEMICA |2 CL-VaPUC |9 341182 | |
| 583 | |a last modification |c 20190322 14:57:00 |k Rodrigo Vera | ||
| 999 | |c 373969 |d 373967 | ||
| 952 | |0 0 |1 0 |3 erb |4 0 |6 378_000000000000000_ESC_2018 |7 0 |8 A |9 492305 |a BIBART |b BIBART |i 5537266 |l 5 |m 4 |o 378 ESC 2018 |p 5537266 |r 2025-03-13 |s 2023-06-27 |w 2019-11-24 |y BK |z Catalogado en:20190322 |k ART | ||
| 952 | |0 0 |1 0 |3 erb |4 0 |6 378_000000000000000_ESC_2018 |7 0 |8 A |9 492306 |a BIBART |b BIBART |i 5537274 |o 378 ESC 2018 |p 5537274 |r 2025-03-13 |w 2019-11-24 |y BK |z Catalogado en:20190322 |k ART | ||
| 952 | |0 0 |1 0 |3 erb |4 0 |6 378_000000000000000_ESC_2018 |7 0 |8 P |9 492307 |a BIBARQ |b BIBARQ |i 5600111 |l 1 |o 378 ESC 2018 |p 5600111 |r 2025-01-20 |s 2024-05-16 |w 2019-11-24 |y BK |z Catalogado en:20190914 |k ARQ | ||